<?xml version="1.0" encoding="UTF-8"?>
<record
    xmlns:xsi="http://www.w3.org/2001/XMLSchema-instance"
    xsi:schemaLocation="http://www.loc.gov/MARC21/slim http://www.loc.gov/standards/marcxml/schema/MARC21slim.xsd"
    xmlns="http://www.loc.gov/MARC21/slim">

  <leader>00391nam a2200145Ia 4500</leader>
  <controlfield tag="008">230411s9999    xx            000 0 und d</controlfield>
  <datafield tag="020" ind1=" " ind2=" ">
    <subfield code="a">0-87872-101-0</subfield>
  </datafield>
  <datafield tag="041" ind1=" " ind2=" ">
    <subfield code="a">eng</subfield>
  </datafield>
  <datafield tag="082" ind1=" " ind2=" ">
    <subfield code="a">R/519/MEN/OTT/B02471</subfield>
  </datafield>
  <datafield tag="100" ind1=" " ind2=" ">
    <subfield code="a">Mendenhall William &amp; Ott Lyman</subfield>
    <subfield code="9">177415</subfield>
  </datafield>
  <datafield tag="245" ind1=" " ind2=" ">
    <subfield code="a">Understanding Statistics</subfield>
  </datafield>
  <datafield tag="260" ind1=" " ind2=" ">
    <subfield code="b">Wadsworth</subfield>
    <subfield code="a">California</subfield>
    <subfield code="c">1976</subfield>
  </datafield>
  <datafield tag="300" ind1=" " ind2=" ">
    <subfield code="a">387p</subfield>
  </datafield>
  <datafield tag="999" ind1=" " ind2=" ">
    <subfield code="c">153662</subfield>
    <subfield code="d">153662</subfield>
  </datafield>
  <datafield tag="952" ind1=" " ind2=" ">
    <subfield code="0">0</subfield>
    <subfield code="1">0</subfield>
    <subfield code="4">0</subfield>
    <subfield code="7">0</subfield>
    <subfield code="8">R</subfield>
    <subfield code="a">BTIN</subfield>
    <subfield code="b">BTIN</subfield>
    <subfield code="d">2005-07-16</subfield>
    <subfield code="e">Magna Publishing Company Ltd.</subfield>
    <subfield code="g">195.00</subfield>
    <subfield code="i">9802</subfield>
    <subfield code="l">0</subfield>
    <subfield code="o">R 519 MEN OTT B02471</subfield>
    <subfield code="p">BTIN-BK-2471</subfield>
    <subfield code="r">2023-04-11 00:00:00</subfield>
    <subfield code="v">195.00</subfield>
    <subfield code="w">2005-07-16</subfield>
    <subfield code="y">BK</subfield>
    <subfield code="z">B02471</subfield>
  </datafield>
</record>
